Poemarios de Jorge Luis Borges - Estadísticas

Estadísticas generales
  • Esta prueba ha sido intentada 5 veces
  • La puntuación promedio es 5 de 13
Estadísticas de respuestas
Año de publicación Título % Correcto
1929 Cuaderno San Martín
75%
1960 El hacedor
75%
1923 Fervor de Buenos Aires
75%
1972 El oro de los tigres
50%
1981 La cifra
50%
1925 Luna de enfrente
50%
1969 Elogio de la sombra
25%
1964 El otro, el mismo
25%
1976 La moneda de hierro
25%
1975 La rosa profunda
25%
1985 Los conjurados
25%
1977 Historia de la noche
0%
1965 Para las seis cuerdas
0%
No se encontraron pruebas coincidentes
Distribución de puntuación
Porcentaje de gente con cada puntuación
Porcentaje por número respondido
Historial de tus puntuaciones
No has intentado esta prueba.